[Event "Lido Estensi op 4th"]
[Site "Lido Estensi"]
[Date "2003.06.13"]
[Round "7"]
[White "Golod, Vitali"]
[Black "Manca, Federico"]
[Result "1-0"]
[WhiteElo "2538"]
[BlackElo "2350"]
[Annotator "Golod,V"]
[PlyCount "102"]
[EventDate "2003.06.06"]
[EventType "swiss"]
[EventRounds "9"]
[EventCountry "ITA"]
[SourceTitle "CBM 096"]
[Source "ChessBase"]
[SourceDate "2003.09.25"]
[SourceVersion "1"]
[SourceVersionDate "2003.09.25"]
[SourceQuality "1"]

1. c4 e6 2. d4 d5 3. Nc3 c5 4. cxd5 cxd4 {The choice by my contender of this
debut became a big surprise for me.} 5. Qa4+ Bd7 6. Qxd4 exd5 7. Qxd5 Nc6 ({
Same position with rearrangement of moves it is possible to receive,after:} 
7... Nf6 $5) 8. Nf3 Nf6 ({Very weakly:} 8... Nb4 $2 {because of:} 9. Qd1 Bf5
$140 10. e4 $1 Qxd1+ 11. Kxd1 O-O-O+ 12. Bd2 $16) 9. Qd1 Bc5 10. e3 Qe7 11. a3
$5 {I did not want to do the most logical move in this position: 11.Be2 (see
comments to Comas Fabrego,L-Martin Gonzalez,A/Benasque,1995/CBM 50(1-0)
(Ftacnik,L)(22)), as I was afraid,that my contender will be ready to this
variant.} O-O-O 12. b4 (12. Qc2 $143 {You can see comments to Chekhov,
V-Kirusha,A/Moscow,1999/CBM 70(0-1)(Ftacnik,L)(28)}) 12... Bg4 $6 {[%csl Rd1]
[%cal Gd8d1,Gg4f3]} ({It deserves attention:} 12... Bb6 {You can see
annotation to game: Sorin,A-Bellon Lopez,J/Buenos Aires,1994/CBM 42(1/2-1/2)
(Ernst)(73)}) ({On:} 12... Bf5 {you can find two games in Mega Database 2003.})
13. Bd2 ({Pretty dubiously:} 13. Qc2 {in view of:} Bxf3 $1 14. Qf5+ $140 Kb8
15. Qxf3 Nd4 $36) 13... Bd4 {[%csl Rd1][%cal Gd4c3] I at all did not expect
this move,and hoped on 13...Bb6.} 14. Qc2 Bxf3 $146 ({After:} 14... Ne4 $4 {
White immediately loses a game:} 15. Nxd4 $1 (15. Bd3 $2 Nxd2 16. Nxd2 $2 Bxe3
$40 {[%csl Re1]}) (15. Nxe4 $6 Bxa1 16. b5 {[%csl Rc6,Rc8]} f5 (16... Bf5 $2
17. Nd6+ {[%csl Rc6,Rf5][%cal Gc2f5,Gb5c6]}) 17. Ng3 {+/=/+/-}) 15... Nxd4 (
15... Nxd2 16. Nxc6 bxc6 17. Bd3 {[%csl Rd2]}) 16. exd4 Nxd2+ 17. Ne2+ $1 {
[%csl Rd2]} (17. Be2 $6 Nc4 18. O-O Rxd4 19. Bxg4+ Rxg4 20. h3 $16 {Wornath,
K-Euler,G/Wiesbaden,1998(1/2-1/2)(60)}) 17... Kb8 18. Qxd2 $18) 15. gxf3 Kb8 {
It is rather difficult to continue a game without this move.} 16. Be2 Bxc3 17.
Bxc3 {BB/NN} Nd5 18. b5 $1 {I have calculated precisely all consequences of
this move.} ({Leads to absolutely equality:} 18. Bxg7 $2 Nxe3 $1 19. fxe3 Qh4+
20. Kf1 Qh3+ 21. Kf2 (21. Kg1 $2 Rhg8 22. Qb2 Qh6 $36 {[%csl Rg1]}) 21... Qh4+
$11) 18... Rc8 $6 {The too risky decision.} (18... Nxc3 $142 19. bxc6 (19. Qxc3
$5) 19... Nxe2 20. Kxe2 {[%cal Gh1b1]} Qc7 21. Rhc1 {+/=/+/-} (21. Rhb1 $2 Rc8
{[%csl Rc2]})) 19. Bxg7 $1 $16 (19. bxc6 $2 {is refuted by:} Rxc6 {[%csl Rc3]})
19... Nxe3 ({I do not think that it was much better:} 19... Ncb4 20. Qe4 Nc2+
21. Kf1 Qd7 $5 {This resource I saw during a game.} (21... Qxe4 $2 22. fxe4
Nxa1 (22... Rhg8 $2 23. Be5+ (23. exd5 $6 Nxa1 24. Be5+ (24. Bxa1 $4 Rc1+ {
[%csl Rf1]}) 24... Ka8 25. Bg3 $16 {[%cal Gd5d6,Yf1g2]}) 23... Ka8 24. Rd1 $18)
23. Bxh8 Nxe3+ 24. fxe3 Rxh8 25. Rg1 $16 {[%csl Rf7,Rh7][%cal Gg1g7]}) (21...
Nxa1 $143 22. Bxh8 Qxe4 23. fxe4 Nxe3+ 24. fxe3 Rxh8 25. Rg1 $16 {[%csl Rf7,
Rh7][%cal Gg1g7]}) 22. Be5+ $1 {[%csl Ye5][%cal Ye5g3]} (22. Bxh8 $4 Qh3+ 23.
Kg1 Rg8+ 24. Qg4 Rxg4+ 25. fxg4 Ncxe3 $1 (25... Nxa1 $143 26. Bxa1) (25... f6
$5 $17 {[%csl Rh8]}) 26. fxe3 Qxe3+ 27. Kf1 Nf4 {[%csl Re2,Ge3,Rf1,Gf4,Rh1]}
28. Bd1 (28. Re1 $143 Nxe2 29. Rxe2 $140 Qf3+ {[%csl Re2,Rf1,Rh1]}) 28... Nd3
29. Ra2 Qe1+ 30. Kg2 Nf4+ $17 {[%csl Rh1]}) (22. Qe5+ $4 Ka8 23. Bxh8 Qh3+ 24.
Kg1 Nxa1 {[%csl Rg1][%cal Gc8g8]} 25. Bf1 Rg8+ 26. Bg7 Qxf3 $1 (26... f6 $2 27.
Qxf6 Nxf6 28. Bxh3 Rxg7+ 29. Kf1 $13 {[%csl Ye3,Yf2,Yf3]}) 27. Qg3 Qxg3+ 28.
hxg3 Rxg7 29. Bd3 Nc3 $17 {[%csl Rb5]}) 22... Ka8 23. Rd1 Qh3+ 24. Kg1 $16) (
19... Nd4 20. Qe4 (20. Qxc8+ $143 Rxc8 21. Bxd4 $14) 20... Nc2+ {and this line
transfers to 19...Ncb4.}) 20. Qe4 $5 {My contender didn't see this move.} (20.
fxe3 $1 {An strong alternative,which was mentioned by "Frit 8",after the game.}
Qh4+ 21. Kf1 Qh3+ 22. Kg1 Rhg8 23. Qb2 {[%csl Yb2,Yg7][%cal Yb2g7]} Qh6 24.
bxc6 Rxg7+ 25. Kf2 Qh4+ 26. Kf1 Qh3+ 27. Ke1 Qh4+ 28. Kd2 Qd8+ (28... Rd8+ 29.
Kc2) 29. Qd4 Qa5+ 30. Qb4 $18) 20... Qxe4 21. fxe4 Nc2+ 22. Kf1 {I rather long
chose between it and another continuation:} (22. Kd2 $142 Rhd8+ ({A little bit
better is:} 22... Nxa1 23. Bxh8 Nb3+ 24. Ke3 Rxh8 25. bxc6 {[%csl Rb8][%cal
Gh1b1] +/-/+-}) 23. Kxc2 Nd4+ 24. Kb2 $1 {( I didn't see this resource during
a game.)} (24. Kd3 $4 Nf5+ 25. Bd4 Rxd4#) (24. Kd2 Nf5+ 25. Bd3 Nxg7 26. Rac1 {
+/-/+-}) 24... Rc2+ 25. Kb1 Rxe2 26. Bf6 $1 $18 {[%csl Rb8,Rd4,Rd8][%cal Gh1d1]
}) 22... Rhg8 23. bxc6 {After long meditation I have not decided on the
following continuation:} (23. Rg1 $1 Nxa1 24. bxc6 Nb3 (24... Nc2 $2 25. Be5+
Ka8 26. Rxg8 Rxg8 27. c7 {[%csl Gc7][%cal Ge2g4]} Nxa3 28. Bd6 $18 {[%csl Ra3,
Gd6,Ye2][%cal Ye2g4]}) 25. Be5+ Ka8 26. Rxg8 Rxg8 27. c7 {[%csl Gc7][%cal
Ge2g4]} Nc5 (27... b6 $2 28. Bh5 $18 {[%csl Ra8,Rb3,Rg8][%cal Gh5f7,Yf7d5]}) (
27... Nd2+ $2 28. Ke1 Nxe4 29. Bg4 Ng5 30. Bf6 $1 $18 {[%csl Rg5][%cal Gc7c8,
Yf6d8]} (30. c8=Q+ $4 Rxc8 31. Bxc8 Nf3+ {[%csl Re1,Re5]})) 28. Bh5 $1 $18 {
[%csl Ge4,Gf2,Rf7]} (28. Bc4 $143 Ne6 29. f4 $16 {[%csl Rf7][%cal Gf4f5]}))
23... Rxg7 24. cxb7 Kxb7 25. Rb1+ Ka8 26. e5 {[%csl Ra8][%cal Ge2f3]} Rc3 27.
Rg1 $1 {For White it is certainly favourable to exchange these rooks.} (27. a4
$143 Na3 (27... Nd4 $6 28. Ba6 {[%csl Ra8]}) 28. Rd1 Nc4 {+/=/+/-}) 27... Rxg1+
28. Kxg1 Nxa3 29. Rb4 a5 ({Senselessly:} 29... Nc2 {because of:} 30. Rf4 Rc7
31. Bd3 {[%csl Yc7,Rf7,Rh7][%cal Gd3c2]}) 30. Ra4 $16 {[%csl Ra3,Ra5]} (30. Rf4
$143 Rc5 {[%csl Re5]}) 30... Kb7 31. Rxa5 Kb6 32. Ra6+ {[%csl Rf7,Rh7] I want
immediately to begin pressure on the Black's PP.} Kc5 33. Ra7 Kd4 34. Rxf7 Kxe5
35. Rxh7 Nc2 {Last moves were made according to the standard chess norms.} 36.
Re7+ $6 $138 {A little bit passive continuation.} (36. h4 $5 Nd4 37. Bg4 Kf4
38. Rg7 Nf5 (38... Nf3+ $4 39. Bxf3 Rxf3 (39... Kxf3 $143 40. Rg3+ {[%csl Rc3,
Rf3]}) 40. Rf7+ {[%csl Rf3,Rf4]} Kg4 41. Rxf3 Kxf3 42. h5 {[%csl Gh5][%cal
Gh5h6,Gh6h7,Gh7h8]}) 39. Bxf5 Kxf5 40. Kg2 {[%csl Rf5,Yg2,Yg7,Gh4][%cal Yg2h3,
Gh4h5,Yg7g8,Yg7g3]}) 36... Kf4 37. Rd7 Ra3 38. Rd1 Ke5 39. Kg2 Ra2 $1 {[%csl
Rg2] Black had no other worthy alternative.} 40. Kf1 (40. Kg3 $143 Ne3 {
[%csl Rd1,Re2]}) 40... Nd4 41. Bg4 Nb5 42. Rd3 Nd6 43. Re3+ Kf4 44. h3 Ne4 {
[%csl Gh3,Yh8][%cal Ge4f2]} 45. Be2 {This move is much better,than:} (45. Rf3+
$2 Ke5 {[%csl Rf2][%cal Ga2f2]} 46. Rf5+ Kd4 {[%cal Ga2f2]} 47. Be2 (47. f3 $4
Ng3+ {[%csl Rf1,Rf5]}) 47... Ra1+ 48. Kg2 Ra2 49. Kf3 Ra3+ 50. Kg4 Ra2 {
[%csl Re2,Rf2]}) ({Leads to drawn game:} 45. Re2 $4 Rxe2 46. Kxe2 Nxf2 47. Kxf2
Kg5 {[%csl Gg4,Gh3,Yh8][%cal Yg5g6,Yg6g7,Yg7h8]}) 45... Rc2 46. Rf3+ Ke5 47.
Rf8 {[%cal Gh3h4,Gh4h5] I have protected of the pawns and prepare progress
"h4".} Rc1+ ({Hardly is was better:} 47... Nd2+ 48. Ke1) 48. Kg2 Rc2 49. Kf3
Ng5+ 50. Kg4 $1 $18 {[%cal Gf2f4]} Ne4 {Please pay your attention to the
fantastic work of the Black's knight.} ({Initially my contender wrongly hoped
on:} 50... Nxh3 $4 51. Kxh3 Rxe2 {But here I have winning move:} 52. Re8+ {
[%csl Re2,Re5]}) (50... Ne6 $142 51. Rf5+ Kd6 52. Bd3 $18) (50... Rxe2 $2 51.
f4+ {[%csl Re5,Rg5][%cal Gf4g5]}) 51. f4+ Ke6 $2 {It's last mistake in a
hopeless position.} (51... Kd4 $142 52. Bf3 $18) ({After:} 51... Ke6 $2 {
Federico Manca resigns,because of next variant:} 52. Re8+ {[%csl Re4]} Kd5 53.
Bf3 Rc4 54. Rxe4 Rxe4 55. Kf5 {[%csl Rd5,Re4,Gf3,Gf5]}) 1-0

[Event "USA-ch"]
[Site "Key West"]
[Date "1994.??.??"]
[Round "11"]
[White "Seirawan, Yasser"]
[Black "De Firmian, Nick E"]
[Result "1-0"]
[WhiteElo "2585"]
[BlackElo "2565"]
[Annotator "Hansen,Cu"]
[PlyCount "109"]
[EventDate "1994.10.??"]
[EventType "tourn"]
[EventRounds "13"]
[EventCountry "USA"]
[EventCategory "13"]
[SourceTitle "CBM 044"]
[Source "ChessBase"]
[SourceDate "1995.02.01"]
[SourceVersion "1"]
[SourceVersionDate "1995.02.01"]
[SourceQuality "1"]

1. d4 {Ftacnik} Nf6 2. c4 e6 3. Nf3 c5 4. e3 d5 5. Nc3 Nc6 6. cxd5 (6. a3 {
Ftacnik}) 6... exd5 7. Bb5 Bd6 8. O-O O-O 9. dxc5 Bxc5 10. b3 (10. Be2 {Ftacnik
} a6 11. b3 Qd6 12. Bb2 Rd8 13. Rc1) 10... Bg4 (10... Qd6 11. Na4 Bb4 12. Bb2
Ne4 13. a3 Ba5 14. b4 Bc7 15. Bxc6 bxc6 16. Be5 Qe7 17. Bxc7 Qxc7 18. Qd4 Re8
19. Rfc1 Qd6 20. Nc5 Qg6 21. Nd3 Qd6 22. Nfe5 Bb7 23. Rab1 Re7 24. Nf3 Ba6 25.
Nc5 Bc4 26. Nxe4 Rxe4 27. Qc5 Qxc5 28. bxc5 Bd3 29. Rb3 Rc4 30. Rbc3 Rb8 {
1/2-1/2 Timman,J-Ljubojevic,Lj/Tilburg 32/488 1981}) (10... Be6 11. Bb2 Qe7 12.
Ne2 Rac8 13. a3 Rfd8 14. Ned4 Bg4 15. Be2 Ne4 16. Qd3 Bd6 17. g3 Nc5 18. Qb1
Ne4 19. Qd3 Nc5 20. Qd1 Ne6 21. Re1 Bc5 22. Nxc6 bxc6 23. b4 Bb6 24. Qa4 Qe8
25. Rad1 {Petrosian,T-Botvinnik,M (11)/Moscow-Wch 1963/1/2-1/2 (41)}) (10...
Re8 11. Bb2 Bg4 12. Rc1 Bd6 13. Na4 Rc8 14. h3 Bh5 15. Bxf6 Qxf6 16. Qxd5 Bxf3
{1/2-1/2 Keene,R-Helmers,KJ/Aarhus (02) 1983}) (10... a6 11. Be2 Re8 12. Bb2
Ba7 13. Rc1 Qd6 14. Rc2 Bg4 15. Rd2 Rad8 16. Qb1 h6 17. Rfd1 Qe6 18. Nh4 Bxe3
19. fxe3 Qxe3+ 20. Kh1 d4 21. Rd3 Qe6 22. Bxg4 Nxg4 23. Na4 Nf2+ 24. Kg1 Nxd3
25. Qxd3 b5 26. Nc5 Qe7 27. Nf5 Qxc5 28. Rf1 Re6 29. Qf3 Qd5 30. Qh5 Rg6 31. g3
{0-1 Wells,P-Wahls,M/BL 8889 Kreuzberg-HSK [2] 1989}) 11. Bb2 Rc8 (11... a6 12.
Bxc6 (12. Be2 Ba7 13. Rc1 Qd6 14. h3 Be6 15. Bd3 Rad8 16. Ne2 Ne4 17. Ned4 Ne5
18. Nxe5 Qxe5 19. Nc6 Qxb2 20. Nxd8 Rxd8 21. Bxe4 Qxa2 22. Bxd5 Qa5 23. e4 g6
24. Rc2 Bb8 25. Rd2 Be5 26. Rd3 Qb5 27. Bc4 Rxd3 28. Qxd3 Bxc4 29. bxc4 {
1-0 Portisch,L-Ligterink,G/Wijk (13) 1985}) 12... bxc6 13. Rc1 Ba7 (13... Be7
14. Ne2 Bxf3 15. gxf3 Qd7 {1/2-1/2 Makarichev,S-Gavrikov,V/Moscow GMA-op (4)
1989}) (13... Bd6 14. Na4 Rc8 15. Qd3 Bxf3 16. gxf3 Qd7 17. Kg2 Ne4 18. Rh1
Qh3+ {-+ Sunye_Neto,J-Christiansen,L/Mexico 31/(433) 1980}) 14. Na4 Qd6 15. Rc4
Qe6 16. Nc5 Qc8 17. Rc1 Ne4 18. b4 Bxc5 19. bxc5 f6 20. Qd4 Bxf3 21. gxf3 Ng5
22. Qg4 Rb8 23. Bc3 Rb5 24. Rb1 Rxc5 25. Bb4 Rc4 26. Qg3 c5 27. Ba3 Qf5 28. f4
{Nielsen,U-Sax,G/Vejle 1994/0-1 (46)}) (11... Bd6 12. Be2 a6 (12... Re8 13. Nd4
Bxe2 {1/2-1/2 Razuvaev,Y-Sax,G/Elenite (10) 1992}) 13. h3 Bf5 14. Nd4 Nxd4 15.
Qxd4 Bc7 16. Rfd1 Qd6 17. g3 Rad8 18. Bf3 Bb6 19. Qh4 Qe6 20. g4 Be4 21. Nxe4
Nxe4 22. Bd4 Bc7 23. Rac1 Rd7 24. Rc2 f5 25. gxf5 Qxf5 26. Bxe4 dxe4 27. Rdc1 {
Gyurkovics,M-Palkovi,J/tt-HUN1 Vasas-Honved(11) 1994/0-1 (37)}) 12. Rc1 (12.
Be2 Bd6 13. Rc1 (13. Nd4 Be6 14. Ncb5 Bb8 15. Rc1 Re8 16. g3 Bh3 17. Re1 Qe7
18. Nxc6 bxc6 19. Nd4 c5 20. Nf3 Red8 21. Bf1 Bg4 22. Bg2 Ne4 23. Qc2 Be6 24.
Ba1 f6 25. Nd2 Nd6 26. Bb2 Qf7 27. Qd1 a5 {Wirthensohn,H - Wilder,M/Lugano
1989 open (04) 1989/0-1 (42)}) (13. Nb5 Bb8 14. Bxf6 Qxf6 15. Qxd5 Rfd8 16. Qe4
h5 17. h3 Re8 18. Qa4 a6 19. hxg4 axb5 20. Bxb5 Ne5 21. Bxe8 Nxf3+ 22. gxf3 Qh4
23. Bxf7+ Kh8 24. Rfc1 Rf8 25. Rc5 g5 26. Qd4+ Kh7 27. Qe4+ Kh8 28. Qe7 {
1-0 Wirthensohn,H-Scherrer,R/Lenk op 1992}) 13... Bb8 (13... a6 14. Nd4 Bxe2
15. Ncxe2 Nxd4 16. Qxd4 Rxc1 17. Rxc1 Re8 18. Ng3 Be5 19. Qd2 Bxb2 20. Qxb2 Qd7
21. Qd4 Rc8 22. Rxc8+ Qxc8 {1/2-1/2 Makarichev,S-Balashov,Y/EU-Cup Moscow-ZSKA
1990}) 14. Nb5 (14. Re1 Re8 15. g3 h5 16. Na4 Qe7 17. Nh4 Ne5 18. Rxc8 Rxc8 19.
Nc3 Qb4 20. Qd4 a5 21. f3 Bh3 22. Rd1 Ba7 23. Qxe5 Re8 24. Qxf6 gxf6 25. Nxd5
Rxe3 26. Nxb4 Rxe2+ {Petrosian,T-Ivanovic,B/Bar 30/32 1980/1-0 (123)}) 14...
Re8 (14... Ne4 15. Nbd4 Re8 16. h3 Bxf3 17. Nxf3 Qd6 18. Qd3 Ng5 19. Rfd1 Rcd8
20. Kf1 Ne4 21. a3 a6 22. Qc2 Ba7 23. Bd3 Qe7 24. Re1 Rd6 25. b4 Re6 26. b5
axb5 27. Bxb5 h6 28. Rcd1 Rd8 {Sunye_Neto,J-Kasparov,G/Graz 32/487 1981/0-1 
(47)}) 15. Qd3 (15. Nbd4 Qd6 16. g3 Bh3 17. Re1 Ne4 18. Nxc6 bxc6 19. Qd4 Qh6
20. Rc2 Bd7 21. b4 a5 22. bxa5 Bd6 23. Bf1 Rb8 24. Bg2 Ra8 25. Nd2 Be5 26. Qa4
f5 27. Bxe5 Rxe5 28. Nf3 Re7 29. Qb4 Ree8 {Markowski,T-Spraggett,K/Cannes op A
(9) 1994/1-0 (39)}) 15... Ne4 16. Nbd4 Qd6 17. g3 h5 18. Nxc6 bxc6 19. Nh4 Bh3
20. Rfd1 Qh6 21. Bf3 g5 22. Ng2 h4 23. Qe2 Bf5 24. Bd4 hxg3 25. fxg3 Re6 26.
Rf1 Qh3 27. Ne1 g4 28. Bg2 Nxg3 29. hxg3 Qxg3 30. Rxf5 Qh4 31. Bxd5 Rh6 32. Qg2
Rc7 33. Nf3 Qh3 34. Rg5+ Kf8 35. Bg7+ Ke8 36. Bxh6 {1-0 Karpov,An-Chandler,M/
Bath 36/470 1983}) 12... Bd6 (12... Qd6 13. Be2 a6 14. h3 (14. Nd4 {N; 14.h3}
Bxd4 15. Bxg4 Nxg4 16. Qxg4 Be5 17. Rfd1 $5 Bxh2+ 18. Kf1 Qe6 19. Qf3 Be5 20.
Ba3 Bd6 21. Bxd6 Qxd6 {1/2-1/2 Speelman,J-Portisch,L/Bruxelles 45/(465) 1988})
14... Bxf3 15. Bxf3 Rfd8 16. Qc2 Ba3 (16... Ne5 {Ftacnik} 17. Be2 d4 $10) 17.
Rfd1 Bxb2 18. Qxb2 Qe5 19. Qd2 Ne7 20. Nxd5 Nexd5 21. Rxc8 Rxc8 22. Bxd5 Nxd5
23. Qxd5 Qxd5 24. Rxd5 Kf8 25. Rd2 Rc1+ 26. Kh2 h5 27. Kg3 {Ribli,Z-Adorjan,A 
(3)/Budapest plof (3.pl-izt Riga) 1979/1-0 (62)}) 13. h3 Bh5 14. Be2 Bb8 15.
Nh4 Qd6 16. g3 Bg6 (16... Bxe2 17. Nxe2 $16 (17. Nxe2 {Ftacnik} Rfd8 18. Kg2
$14)) 17. Nb5 (17. Nxg6 {Ftacnik} hxg6 18. Bf3 Rfd8 19. Bg2 $14) 17... Qe6 18.
Bxf6 Qxf6 19. Nxg6 hxg6 20. Bg4 (20. Qxd5 Qb2 $44) 20... Rcd8 $10 21. Nd4 Be5
$6 (21... Nxd4 22. exd4 $10 (22. Qxd4 {Ftacnik} Qxd4 23. exd4 Rfe8 $10)) (21...
Ne5 {Ftacnik} 22. Be2 a6 $10) 22. Nxc6 bxc6 23. Qd3 $16 {קc6,קa7} Rd6 24. Kg2
(24. Qa6 {Ftacnik} d4 25. Qxa7 (25. f4 dxe3 26. fxe5 Qxe5 $132) 25... d3 26.
Rfd1 $16) 24... Qe7 25. Rc5 Qb7 (25... d4 {Ftacnik} 26. Rfc1 $16) 26. Rfc1 Bb2
27. R1c2 Ba3 28. Ra5 Bb4 29. Ra4 {/\a2-a3 +-} Rf6 30. e4 {/\31.exd5 cxd5 32.Bf3
} Re8 31. exd5 cxd5 32. Bf3 Rd8 33. a3 (33. Bxd5 $5 Qb6 $5 (33... Rxd5 34. Rxb4
$18) 34. Qe4 $16 (34. Rxb4 $2 Qxb4 35. Bxf7+ Kxf7 36. Qxd8 Qe4+ $19)) 33... Be7
34. Ra5 {/\b3-b4,Rxd5} Rf5 35. b4 Qb6 36. Ra6 Qb8 37. Qd4 $18 Bf6 (37... Rd7
38. Bg4 $18) 38. Qxa7 Qe5 {/\Rxf3} 39. Qe3 Qa1 (39... Qxe3 40. fxe3 $18 (40.
fxe3 {Ftacnik} Re5 41. Rd2 $16)) 40. Qc1 Qe5 {/\Rxf3} 41. Re2 Qb8 42. Qc2 Rxf3
(42... d4 {Ftacnik} 43. Be4 $16) 43. Kxf3 d4 44. Qc6 d3 45. Rd2 Bg5 46. Rd1 Kh7
(46... Rc8 47. Rb6 $18) 47. Kg2 d2 48. Qf3 Rd7 49. Ra5 Qd8 50. Ra8 Qc7 51. Re8
Qc2 52. b5 (52. Qa8 {Ftacnik} Rd8) 52... Rd3 53. Qxf7 Bf6 54. Qg8+ Kh6 55. Qh8+
(55. Qh8+ {Ftacnik} Kg5 56. Qh4+ Kf5 57. Qg4#) 1-0

[Event "Las Palmas m"]
[Site "Las Palmas"]
[Date "1994.??.??"]
[Round "1"]
[White "Karpov, Anatoly"]
[Black "Morovic Fernandez, Ivan"]
[Result "1-0"]
[WhiteElo "2740"]
[BlackElo "2605"]
[Annotator "Hansen,Cu"]
[PlyCount "73"]
[EventDate "1994.02.??"]
[EventType "match"]
[EventRounds "6"]
[EventCountry "ESP"]
[SourceTitle "CBM 040"]
[Source "ChessBase"]
[SourceDate "1994.06.01"]
[SourceVersion "1"]
[SourceVersionDate "1994.06.01"]
[SourceQuality "1"]

1. c4 Nf6 2. Nf3 e6 3. d4 d5 4. e3 c5 5. Nc3 Nc6 6. cxd5 exd5 7. Bb5 Bd6 8. O-O
(8. Ne5 Qc7 9. Qa4 (9. Nxc6 bxc6 10. dxc5 Bxc5 11. Be2 Bd6 12. h3 Qe7 13. b3
O-O 14. Bb2 Bf5 $10 {Ribli,Z-Adorjan,A/Budapest m(1)/1979/}) 9... O-O 10. Nxc6
bxc6 11. Bxc6 Rb8 12. Nxd5 Nxd5 13. Bxd5 cxd4 14. O-O Rb4 15. Qc6 Qb8 16. e4
Rb6 17. Qa4 Bxh2+ 18. Kh1 Bf4 $17 {Manquoy-Winants,L/Belgique/1988/}) (8. dxc5
Bxc5 9. O-O O-O 10. b3 (10. a3 a6 (10... Bg4 11. Be2 Rc8 12. b4 Bd6 13. Bb2 Re8
$10 {Berg,K-Emms,J/Gausdal TM/1993/}) 11. Be2 Be6 12. b4 Bd6 13. Bb2 Qe7 14.
Rc1 Rfd8 15. Na4 $14 {Berg,K-Fuglsang,F/Lyngby/1991/}) 10... Bg4 (10... Qd6 11.
Na4 Bb4 12. Bb2 Ne4 13. a3 Ba5 14. b4 Bc7 15. Bxc6 bxc6 16. Be5 $14 {Timman,
J-Ljubojevic,L/Tilburg/1981/}) (10... Be6 11. Bb2 Qe7 12. Ne2 Rac8 13. a3 Rfd8
14. Ned4 $14 {Petrosian,T-Botvinnik,M/Moscow Wch m(11)/1963/}) (10... Bd6 11.
Bb2 Bg4 12. Be2 Rc8 13. Nb5 Bb8 14. Bxf6 Qxf6 15. Qxd5 Rfd8 16. Qe4 h5 $13 {
Wirthensohn,H-Scherrer,R/Lenk op/1992/}) (10... a6 11. Bxc6 (11. Be2 Re8 12.
Bb2 Ba7 13. Rc1 Qd6 14. Rc2 Bg4 15. Rd2 Rad8 $10 {Wells,P-Wahls,M/BL/1989/})
11... bxc6 12. Bb2 Bg4 13. Rc1 Be7 (13... Bd6 14. Na4 Rc8 15. Qd3 Bxf3 16. gxf3
Qd7 17. Kg2 Ne4 18. Rh1 Qh3+ $1 $19 {Sunye Neto,J-Christiansen,L/Mexico/1980/})
(13... Ba7 14. Na4 Qd6 15. Rc4 Qe6 16. Nc5 Qc8 17. Rc1 Ne4 $15 {Nielsen,UV-Sax,
G/Vejle/1993/}) 14. Ne2 Bxf3 15. gxf3 Qd7 $13 {Makarichev,S-Gavrikov,V/Moscow
GMA-op/1989/}) 11. Bb2 Bd6 (11... Rc8 12. Rc1 Qd6 13. Be2 a6 14. h3 (14. Nd4
Bxd4 15. Bxg4 Nxg4 16. Qxg4 Be5 17. Rfd1 Bxh2+ 18. Kf1 Qe6 19. Qf3 Be5 20. Ba3
Bd6 21. Bxd6 Qxd6 {0,5/Speelman,J-Portisch,L/Bruxelles/1988/}) 14... Bxf3 15.
Bxf3 Rfd8 16. Qc2 Ba3 17. Rfd1 $14 {Ribli,Z-Adorjan,A/Budapest m(3)/1979/}) 12.
Be2 Rc8 (12... Re8 13. Nd4 Bxe2 {0,5/Razuvaev,Y-Sax,G/Elenite/1992/}) 13. Nd4 (
13. Rc1 Bb8 (13... a6 14. Nd4 Bxe2 15. Ncxe2 Nxd4 16. Qxd4 Rxc1 17. Rxc1 Re8
$10 {Makarichev,S-Balashov,Y/EU-cup/1990/}) 14. Re1 (14. Nb5 Ne4 15. Nbd4 Re8
16. h3 (16. Qd3 Qd6 17. g3 h5 18. Nxc6 bxc6 19. Nh4 Bh3 20. Rfd1 Qh6 $15 {
Karpov,A-Chandler,M/Bath/1983/}) 16... Bxf3 17. Nxf3 Qd6 18. Qd3 Ng5 $15 {
Sunye Neto,J-Kasparov,G/Graz/1981/}) 14... Re8 15. g3 h5 16. Na4 Qe7 17. Nh4
$13 {Petrosian,T-Ivanovic,B/Bar/1980/}) 13... Be6 14. Ncb5 Bb8 15. Rc1 $13 {
Wirthensohn,H-Wilder,M/Lugano op/1989/}) 8... O-O 9. h3 cxd4 (9... Bf5 10. dxc5
Bxc5 11. b3 Qa5 12. Bb2 Rfd8 13. Bxc6 bxc6 14. Nd4 Bd7 $13 {Karpov,
A-Polugaevsky,L/Reggio/1991/}) (9... Re8 10. a3 a6 11. Bxc6 bxc6 12. dxc5 Bxc5
13. Qc2 Bd6 14. Re1 c5 $15 {Perdomo,C-Arencibia,JJ/ch-CU/1989/}) 10. exd4 {
/\Bg5, קd5} h6 11. Re1 Bd7 12. Ne5 $14 Rc8 13. a3 a6 (13... Re8 14. Bf4 $14)
14. Ba4 (14. Bf1 Bf5 $132) 14... b5 15. Bb3 Be6 16. Bc2 {/\Qd3 /^b1-h7} Qb6 17.
Be3 Rfd8 {/\18. - Bxe5 19.dxe5 d4} 18. Ng4 Bxg4 19. hxg4 Bb8 20. Bf5 Rc7 21. a4
$1 {/\22.axb5 axb5 קb5} b4 22. a5 Nxa5 23. Na4 Qd6 (23... Qb5 24. Nc5 {
/\25.Bd3, /\25.Qa4}) 24. g3 {/\Bf4} Ra7 {קf6} 25. g5 (25. Nc5 Nc4 $13) 25...
hxg5 26. Bxg5 Nc6 27. Rc1 $1 {/\Bf4} (27. Nc5 a5) 27... Na5 28. Rc5 Nc4 29. b3
Na3 (29... Nb6 $2 30. Bf4 $18) 30. Kg2 {/\Rh1 ->} Re7 31. Rh1 Rde8 32. Rh8+ $1
Kxh8 33. Qh1+ Kg8 34. Bxf6 Qxg3+ 35. fxg3 Re2+ 36. Kh3 gxf6 37. Kg4 1-0

[Event "USA-ch"]
[Site "Seattle"]
[Date "2002.01.07"]
[Round "3"]
[White "Serper, Grigory"]
[Black "Mikhailuk, Slava"]
[Result "1-0"]
[WhiteElo "2558"]
[BlackElo "2447"]
[Annotator "Hecht,H"]
[PlyCount "73"]
[EventDate "2002.01.05"]
[EventType "swiss"]
[EventRounds "9"]
[EventCountry "USA"]
[SourceTitle "CBM 087"]
[Source "ChessBase"]
[SourceDate "2002.03.21"]
[SourceVersion "1"]
[SourceVersionDate "2002.03.21"]
[SourceQuality "1"]

1. d4 d5 2. c4 e6 3. Nc3 c5 4. cxd5 exd5 5. Nf3 Nc6 6. dxc5 Nf6 7. Be3 Bg4 8.
Nd4 Rc8 9. Nb3 Qd7 10. g3 d4 11. Nxd4 Bxc5 12. Nc2 Qe7 13. Bg2 O-O 14. O-O Rfd8
15. Qc1 Bxe3 16. Qxe3 Qxe3 17. Nxe3 Rd2 18. Nxg4 Nxg4 19. Rab1 Rcd8 20. Rfd1
Kf8 21. h3 Nf6 22. Bxc6 bxc6 23. Kf1 Ke7 24. Ke1 Rxd1+ 25. Rxd1 {[#] Weißer
Mehrbauer und schwarze Bauernschwächen. Springertaktik!} Rb8 26. b3 Rb4 27. Rd3
a5 28. Kd2 h5 29. h4 Ng4 30. f3 Nf6 31. e4 Nd7 32. Na4 g6 33. Ke3 f6 34. Rc3
Kd6 35. Nb2 Kc7 36. Nd3 Rb6 (36... Rb8 37. Nf4 Rg8 (37... Ne5 38. Nd5+ Kd6 39.
Nxf6 Rf8 (39... Nxf3 40. Rd3+ Ke6 41. Nd7 $18) 40. f4 Rxf6 41. fxe5+ Kxe5 42.
Rc5+ $18) 38. Nd5+ Kd6 39. Rxc6+ Kxc6 40. Ne7+ Kd6 41. Nxg8 Ke6 42. Nh6 {
und Weiß muss gewinnen}) 37. Nf4 $1 {[%csl Rb6,Rg6][%cal Rf4d5,Rf4g6]} 1-0